=LDR 00000nam 2200000 4500 =001 000473 =005 20250711021657 =035 ##$$a 0010-0725000335 =007 ta =008 250711################a##########0#ind## =020 ##$$a 978-623-472-393-9 =082 ##$$a 398.209 598 =100 #$$a Baeletsi Tsatsi =245 1#$$a Hadiah dari Bibi Titi /$c Baeletsi Tsatsi =250 ##$$a Pertama =260 ##$$a Jakarta :$b badan pengembangan dan pembinaan bahasa,$c 2022 =300 ##$$a 28 hlm. : $b Ilus. ; $c 22,9 cm =650 #4$$a Cerita anak Indonesia terjemahan =650 #4$$a Literasi bahan bacaan =700 #$$a Ndumiso Nyoni =084 ##$$a 398.209 598 BAE h =990 ##$$a TBM202400223